LIBRARY & INFORMATION CENTRE, KCAET, TAVANUR

ONLINE PUBLIC ACCESS CATALOGUE (OPAC)

Plant diseases:their causes and control / (Record no. 8785)

MARC details
000 -LEADER
fixed length control field 00425cam a2200169ua 4500
041 ## - LANGUAGE CODE
Language code of text/sound track or separate title eng
082 ## - DEWEY DECIMAL CLASSIFICATION NUMBER
Classification number 632.3
Item number CHO/PL
100 ## - MAIN ENTRY--AUTHOR NAME
Personal name Chowdary, Sudhir .
245 ## - TITLE STATEMENT
Title Plant diseases:their causes and control /
250 ## - EDITION STATEMENT
Edition statement 2 /
260 ## - PUBLICATION, DISTRIBUTION, ETC. (IMPRINT)
Place of publication Allahabad :
Name of publisher Kitabistan ,
Year of publication 1961.
300 ## - PHYSICAL DESCRIPTION
Number of Pages 99 ; .
942 ## - ADDED ENTRY ELEMENTS (KOHA)
Koha item type Books
Holdings
Withdrawn status Lost status Damaged status Home library Current library Date acquired Full call number Accession Number Koha item type
Withdrawn     KAUAET KAUAET 07/04/2012 632.3 8165 Books
Withdrawn     KAUAET KAUAET 07/04/2012 632.3 8161 Books
free website counter